000 00301nam a22001457a 4500
008 211011b ||||| |||| 00| 0 eng d
020 _a9780345413932
041 _aeng
080 _a821
082 _a821
100 _a21
101 _aGJL
245 _aHunger Pains
_cPipher,M
942 _2udc
_cBK
999 _c58138
_d58138